Bovinos de carne: su cría /

Guardado en:
Autor Principal: Tagle, Ezequiel C
Formato: Libro
Publicado: Buenos Aires : Sudamericana, 1944
Edición:2a. ed.
Materias:
Etiquetas: Agregar Etiqueta
Sin Etiquetas, Sea el primero en etiquetar este registro!
LEADER 00584nam a22002055a 4500
001 CEM.cems016171
005 20130412182318.0
008 130507s1944##################000#0#####d
003 CEMS
082 0 4 |a 636.21 
100 1 |a Tagle, Ezequiel C 
245 1 0 |a Bovinos de carne: su cría /  |c Ezequiel C Tagle 
250 |a 2a. ed. 
260 |a Buenos Aires :  |b Sudamericana,  |c 1944 
300 |a 195 p. 
653 |a Bovinos-razas de carne 
653 |a Bovinos 
653 |a Bovinos de carne 
653 |a Ganadería 
859 |a CEMS  |b BIB. CEMS - Agricultura  |h 636.21  |i T128a2  |p A13744.85  |t Ej.1  |v 1  |3 Vol. 1